| 000 -LEADER |
| fixed length control field |
02649cam a2200265 a 4500 |
| 020 ## - INTERNATIONAL STANDARD BOOK NUMBER |
| ISBN |
9789251070475 |
| 020 ## - INTERNATIONAL STANDARD BOOK NUMBER |
| ISBN |
9251070474 |
| 040 ## - CATALOGING SOURCE |
| Transcribing agency |
DLC |
| 082 ## - DEWEY DECIMAL CLASSIFICATION NUMBER |
| Classification number |
690 FOO 2011 A051 Or. |
| 245 00 - TITLE STATEMENT |
| Title |
Rural structures in the tropics : |
| Remainder of title |
design and development / |
| 260 ## - PUBLICATION, DISTRIBUTION, ETC. (IMPRINT) |
| Place of publication |
Rome : |
| Name of publisher |
Food and Agriculture Organization of the United Nations, |
| Year of publication |
2011. |
| 300 ## - PHYSICAL DESCRIPTION |
| Number of Pages |
xii, 481, [4] p. : |
| Other physical details |
ill., maps ; |
| Dimensions |
30 cm. |
| 500 ## - GENERAL NOTE |
| General note |
"CTA"--Cover. |
| 500 ## - GENERAL NOTE |
| General note |
"Based on the FAO publication Farm structures in tropical climates"--P. xi. |
| 520 ## - SUMMARY, ETC. |
| Summary, etc |
"This book is an effort by FAO to compile an up-to-date, comprehensive text on rural structures and services in the tropics, focusing on structures for small- to medium-scale farms and, to some extent, village-scale agricultural infrastructure. The earlier edition, entitled Farm structures in tropical climates: a textbook for structural engineering and design, published in 1986, has been used for over two decades as a standard textbook for teaching undergraduate and postgraduate courses on rural structures and services in universities throughout sub-Saharan Africa. This second edition will help to improve teaching - at all educational levels - on the subject of rural buildings in developing countries in the tropics and it will assist professionals currently engaged in providing technical advice on rural structures and services, from either agricultural extension departments or non-governmental rural development organizations. This book will also provide technical guidance in the context of disaster recovery and rehabilitation, for rebuilding the sound rural structures and related services that are key to development and economic sustainability. While this book is intended primarily for teaching university - and college-level agricultural engineering students about rural structures and services, resources might be made available to produced textbooks based on this material for teaching at other educational levels. Although parts of the background material relate specifically to East and Southeast Africa, the book's principles apply to the whole of tropical Africa, Latin America and South Asia because, while building traditions may vary, the available materials are similar"--P. [4] of cover. |
| 650 #0 - SUBJECT ADDED ENTRY--TOPICAL TERM |
| Topical Term |
Farm buildings |
| 650 #0 - SUBJECT ADDED ENTRY--TOPICAL TERM |
| Topical Term |
Farm buildings |
| 650 #0 - SUBJECT ADDED ENTRY--TOPICAL TERM |
| Topical Term |
Farm layout |
| 650 #0 - SUBJECT ADDED ENTRY--TOPICAL TERM |
| Topical Term |
Farm layout |
| 700 1# - ADDED ENTRY--PERSONAL NAME |
| Personal name |
Mrema, Geoffrey C. |
| 710 2# - ADDED ENTRY--CORPORATE NAME |
| Corporate name or jurisdiction name as entry element |
Food and Agriculture Organization of the United Nations. |
| 710 2# - ADDED ENTRY--CORPORATE NAME |
| Corporate name or jurisdiction name as entry element |
Technical Centre for Agricultural and Rural Cooperation (Ede, Netherlands) |
| 856 41 - ELECTRONIC LOCATION AND ACCESS |
| Uniform Resource Identifier |
http://www.fao.org/docrep/015/i2433e/i2433e.pdf |
| 942 ## - ADDED ENTRY ELEMENTS (KOHA) |
| Koha item type |
សៀវភៅភាសាអង់គ្លេស |
| 952 ## - LOCATION AND ITEM INFORMATION (KOHA) |
| Withdrawn status [LOCAL, KOHA] |
0 |